Foundations for microwave engineering / (Record no. 188687)

000 -LEADER
fixed length control field 00870 a2200181 4500
003 - CONTROL NUMBER IDENTIFIER
control field Nust
005 - DATE AND TIME OF LATEST TRANSACTION
control field 20221123143035.0
010 ## - LIBRARY OF CONGRESS CONTROL NUMBER
LC control number 65021572
040 ## - CATALOGING SOURCE
Transcribing agency Nust
082 ## - DEWEY DECIMAL CLASSIFICATION NUMBER
Classification number 621.3813,COL
100 ## - MAIN ENTRY--PERSONAL NAME
Personal name Collin, Robert E.
9 (RLIN) 616
245 ## - TITLE STATEMENT
Title Foundations for microwave engineering /
Statement of responsibility, etc. Robert E. Collin
260 ## - PUBLICATION, DISTRIBUTION, ETC.
Place of publication, distribution, etc. New York,
Name of publisher, distributor, etc. McGraw-Hill
Date of publication, distribution, etc. 1966
300 ## - PHYSICAL DESCRIPTION
Extent xiv, 589 p
Other physical details illus
Dimensions 23 cm
505 ## - FORMATTED CONTENTS NOTE
Formatted contents note Introduction (Page-1), Electromagnetic Theory (Page-11), Transmission Lines and Waveguides (Page-64), Circuits Theory and Waveguide (Page-144), Impedance Transformation and Matching (Page-203), Passive Microwave Devices (Page-259), Electromagnetic Resonators (Page-313), Periodic Structures and Filters (Page-363), Microwave Tubes (Page-434), Microwave Masers (Page-493), Parametric Amplifiers (Page-541).
650 ## - SUBJECT ADDED ENTRY--TOPICAL TERM
Topical term or geographic name entry element Telecommunication Engineering
942 ## - ADDED ENTRY ELEMENTS (KOHA)
Source of classification or shelving scheme
Koha item type Book
Holdings
Withdrawn status Lost status Source of classification or shelving scheme Damaged status Not for loan Permanent Location Current Location Shelving location Date acquired Full call number Barcode Date last seen Price effective from Koha item type Public note
          Military College of Signals (MCS) Military College of Signals (MCS) General Stacks 12/12/2016 621.3813,COL MCS7416 12/08/2016 12/12/2016 Book Almirah No.32, Shelf No.2
© 2023 Central Library, National University of Sciences and Technology. All Rights Reserved.